JEJAKA IDAMAN HATI SAYA /

Bibliographic Details
Main Author: Cahaya Ainn (Author)
Format: Book
Subjects:
LEADER 00686cam a2200253 7i4500
001 0000067054
005 20180312090000.0
005 ##20180312162000.0
003 ##MY-KlINT
008 180312 my may
020 # # |a 9789673652990  
039 # 9 |y 201803121620  |z zarinah 
040 # # |a INTS 
082 0 0 |a 899.2333 
090 0 0 |a 899.2333   |b CAH 
100 1 # |a Cahaya Ainn   |e author 
245 1 0 |a JEJAKA IDAMAN HATI SAYA /   |c Cahaya Ainn. 
264 # 0 |a Kuala Lumpur  |b Penerbitan Fajar Pakeer  |c 2017 
300 # # |a 524 pages;   |c 19cm. 
336 # # |a text  |2 rdacontent 
337 # # |a unmediated  |2 rdamedia 
338 # # |a volume  |2 rdacarrier 
650 # 0 |a Malaysian fiction (Malay)  
650 # 0 |a Malay fiction